Enhypen XO (Only If You Say Yes) (English Ver.) Lyrics - Statistics

General Stats
  • This quiz has been taken 142 times
  • The average score is 150 of 246
Answer Stats
Answer % Correct
Kiss
98%
Me
98%
O
98%
X
98%
Don't
94%
No
92%
Say
91%
You
85%
I
78%
Go
70%
Let
65%
Yeah
60%
To
59%
A
58%
My
56%
The
55%
Who
53%
Yes
53%
Need
49%
So
49%
In
48%
Just
48%
We
47%
Girl
45%
It
45%
Love
44%
On
44%
Play
44%
From
43%
Games
43%
Into
43%
Turn
42%
Baby
41%
Flame
41%
Like
41%
Name
41%
More
40%
Drama
38%
Could
37%
Hot
37%
Keep
37%
Spark
37%
Be
36%
Heal
36%
Of
36%
Some
36%
Type
36%
Lanes
35%
One
35%
Sauna
35%
Face
34%
Switching
34%
This
34%
And
33%
Cliché
33%
Cliche
33%
Feel
33%
Look
33%
Make
33%
Typa
33%
Really
31%
Got
30%
I'm
30%
It's
30%
Scars
30%
Speedin
30%
Way
29%
Promise
28%
Side
27%
Ain't
24%
Ballin
24%
But
24%
Imma
24%
Phase
24%
Stays
23%
Best
22%
Finally
19%
Sitting
19%
Winning
17%
Courtside
15%
OT
15%
That's
15%
Home
14%
Team
14%
Hey
8%
No matching quizzes found
Score Distribution
Percent of People with Each Score
Percentile by Number Answered
Your Score History
You have not taken this quiz